000 01267nam a2200325 c 4500
003 BLK
005 20240205164655.0
008 180411b bul|||||r ||||||| ||bul||
010 _aKNG00187191000
040 _aBLK
041 _aBUL
_cBUL
080 _aИздания за деца и юноши. Книжки-картинки. Читанки. Вж и 372.4
_b087.5
_x
_z087.5
700 1 _aПавлова, Елена
_e*
_9365123
100 1 _aДриймънд, Върджил
_eпърви автор
_965397
139 _aПавлова, Елена
_bП 13
245 1 0 _aЛейн Брайт орбитални имоти
_bКн.-игра
_c* Елена Павлова; Върджил Дриймънд.
257 _aBGR
260 София
_bМега
_c1997
300 _a175 с.
_bс ил.
_c20 см
380 _a0
500 _aВърджил Дриймънд - псевд. на авт. Елена Павлова. - 1 000 тир.
650 4 _aКниги-игри
_9158798
653 _aкниги-игри
852 _aЦб 280019
856 4 _qpdf
_u
856 4 _qpdf
_u
942 _cKNG
_n0
_02
944 _aCR
_c21.03.2016
_lМинев Младен
_k30530
944 _aED
_c09.06.2016
_lф /
_kЛюдмила_Стоянова
999 _c178460
_d178460